Detalles MARC
| 000 -LEADER |
| fixed length control field |
01760nam a2200337 a 4500 |
| 001 - CONTROL NUMBER |
| control field |
|
| 003 - CONTROL NUMBER IDENTIFIER |
| control field |
DO-SdBNP |
| 005 - DATE AND TIME OF LATEST TRANSACTION |
| control field |
20220203115340.0 |
| 008 - FIXED-LENGTH DATA ELEMENTS--GENERAL INFORMATION |
| fixed length control field |
081204s2008 dr 000 0 spa d |
| 020 ## - INTERNATIONAL STANDARD BOOK NUMBER |
| International Standard Book Number |
9789945861358 |
| 040 ## - CATALOGING SOURCE |
| Original cataloging agency |
DO-SdBNP |
| Language of cataloging |
spa |
| Transcribing agency |
BPMSU |
| 082 ## - DEWEY DECIMAL CLASSIFICATION NUMBER |
| Classification number |
305.87293 |
| Item number |
P438c, 2008 |
| Edition number |
22 |
| 100 1# - MAIN ENTRY--PERSONAL NAME |
| Personal name |
Pérez Cabral, Pedro Andrés, |
| Numeration |
1910-1982 |
| 245 13 - TITLE STATEMENT |
| Title |
La comunidad mulata : |
| Remainder of title |
el caso socio-político de la República Dominicana / |
| Statement of responsibility, etc. |
Pedro Andrés Pérez Cabral ; presentación Sonia Medina Rodríguez. |
| 250 ## - EDITION STATEMENT |
| Edition statement |
3a ed. |
| 260 ## - PUBLICATION, DISTRIBUTION, ETC. (IMPRINT) |
| Place of publication, distribution, etc. |
Santo Domingo : |
| Name of publisher, distributor, etc. |
Sociedad Dominicana de Bibliófilos, |
| Date of publication, distribution, etc. |
2008. |
| 300 ## - PHYSICAL DESCRIPTION |
| Extent |
286 p. ; |
| Dimensions |
23 cm. |
| 490 0# - SERIES STATEMENT |
| Series statement |
Bibliófilos 2000 ; |
| Volume/sequential designation |
22 |
| 500 ## - GENERAL NOTE |
| General note |
Incluye referencias bibliográficas y notas al pie de las paginas |
| 505 0# - FORMATTED CONTENTS NOTE |
| Title |
Presentación -- |
| -- |
Introducción a la tercera edición -- |
| -- |
Dos palabras -- |
| -- |
La negociación de los valores -- |
| -- |
La defensa social abierta -- |
| -- |
El gran miedo y la haitianofobia -- |
| -- |
La mulatización en Santo Domingo -- |
| -- |
Complejo, insularidad, desvinculación telúrica -- |
| -- |
Blancofilia y servilismo -- |
| -- |
La tiranía y el imperio -- |
| -- |
La corrupción normalizada -- |
| -- |
El problema minoritario -- |
| -- |
El Quantum minoritario -- |
| -- |
La subminoría nacional -- |
| -- |
La jerarquía de los factores sociales -- |
| -- |
Las cuatro vallas -- |
| -- |
Conclusiones |
| -- |
Epílogo. |
| 590 ## - LOCAL NOTE (RLIN) |
| Local note |
Inventariado, 2022/VM |
| 650 #4 - SUBJECT ADDED ENTRY--TOPICAL TERM |
| Topical term or geographic name as entry element |
Mulatos |
| Geographic subdivision |
República Dominicana |
| 650 #4 - SUBJECT ADDED ENTRY--TOPICAL TERM |
| Topical term or geographic name as entry element |
Sociología política |
| Geographic subdivision |
República Dominicana |
| 651 #4 - SUBJECT ADDED ENTRY--GEOGRAPHIC NAME |
| Geographic name |
República Dominicana |
| General subdivision |
Problemas raciales |
| 651 #4 - SUBJECT ADDED ENTRY--GEOGRAPHIC NAME |
| Geographic name |
República Dominicana |
| General subdivision |
Condiciones sociales |
| 651 #4 - SUBJECT ADDED ENTRY--GEOGRAPHIC NAME |
| Geographic name |
República Dominicana |
| General subdivision |
Historia |
| 700 1# - ADDED ENTRY--PERSONAL NAME |
| Personal name |
Medina Rodríguez, Sonia |
| 710 2# - ADDED ENTRY--CORPORATE NAME |
| Corporate name or jurisdiction name as entry element |
Sociedad Dominicana de Bibliófilos, |
| 910 ## - USER-OPTION DATA (OCLC) |
| User-option data |
VMateo V. |
| 942 ## - ADDED ENTRY ELEMENTS (KOHA) |
| Source of classification or shelving scheme |
Dewey Decimal Classification |
| Koha item type |
Libros |